| 000 | 02017nam a2200289 a 4500 | ||
|---|---|---|---|
| 001 | 000000509 | ||
| 005 | 20250401130908.0 | ||
| 008 | 081031s2007 dr ab 001 0 spa d | ||
| 020 | _a9945859552 | ||
| 040 |
_aDO-SdBNP _bspa _cBNPHU |
||
| 082 |
_a362.1 _bF727s |
||
| 111 | 2 |
_aForo Sobre Desarrollo Humano _n(4 : _d2007 _cSanto Domingo) _91681 |
|
| 245 | 1 | 0 |
_aSalud y desarrollo humano : _bla desconcentración del sector salud, ¿mejorará el bienestar de las personas o será más de lo mismo? / _ccoordinación general Rosa Cañete Alonso, Manuel Robles ; revisión técnica Miguel Ceara-Hatton. |
| 260 |
_aSanto Domingo : _bPNUD, _c2007. |
||
| 300 |
_a205 p. : _bil. , map. ; _c23 cm. |
||
| 590 | _aInventariado, 2018/ YL | ||
| 500 | _aIncluye índice de cuadros, gráficos y mapas | ||
| 504 | _aBibliografía: p. 189-197 | ||
| 505 | 0 | _aPrólogo -- Introducción -- Salud y desarrollo humano -- Desarrollo local y salud: una contribución conceptual para la articulación de políticas públicas descentralizadas -- Proceso y desconcentración / descentralización del sector salud en República Dominicana. Visión oficial -- Salud y desarrollo humano: desconcentración y descentralización de salud, ¿soluciones o más de lo mismo?. Visión desde la sociedad civil -- Experiencia de desconcentración / descentralización en la región IV de salud -- Palenque: una experiencia de descentralización y desconcentración del sector salud -- Participación del público y respuestas de los/as expositores/ as -- Conclusión -- Notas -- Bibliografía -- Anexos. | |
| 650 | 4 |
_aSalud pública _xRepública dominicana _vCONGRESOS, CONFERENCIAS, ETC. _91682 |
|
| 651 | 4 |
_aRepública Dominicana _xCondiciones Sociales _vCONGRESOS, CONFERENCIAS, ETC. _91683 |
|
| 700 | 1 | 2 |
_aCañete Alonso, Rosa, _ecoord. _9185 |
| 700 | 1 | 2 |
_aRobles, Manuel, _ecoord. _91684 |
| 700 | 1 | 2 |
_aCeara-Hatton, Miguel _erev. tec. _91685 |
| 710 | 2 |
_aPrograma de las Naciones Unidas para el Desarrollo _9187 |
|
| 910 | _aValidado. Control de calidad MFF | ||
| 999 |
_c507 _d507 |
||